Barrios de Madrid: San Blas-Canillejas - Estadísticas

Estadísticas generales
  • Esta prueba ha sido intentada 11 veces
  • La puntuación promedio es 3 de 8
Estadísticas de respuestas
Código Barrio % Correcto
207 Canillejas
71%
206 Rejas
57%
205 Rosas
57%
201 Simancas
43%
203 Amposta
29%
202 Hellín
29%
204 Arcos
14%
208 Salvador
0%
No se encontraron pruebas coincidentes
Distribución de puntuación
Porcentaje de gente con cada puntuación
Porcentaje por número respondido
Historial de tus puntuaciones
No has intentado esta prueba.